L'adab, toujours recommencé : « Origins », Transmission, and Metamorphoses of Adab literature /

The notion of adab is at the very heart of the Islamicate cultures. Born in the crucible of the Arabic and Persian civilisations of the Late Antiquity period, nourished by Greek, Syriac and Indian influences, this polysemic notion could cover a variegated range of meanings, ranging from good behavio...

وصف كامل

محفوظ في:

مؤلفون آخرون: Bellino, Francesca (المحرر), Mayeur-Jaouen, Catherine (المحرر), Patrizi, Luca (المحرر)

التنسيق: كتاب الكتروني

اللغة: English
French

منشور في: Leiden ; Boston : Brill, 2023.

سلاسل: Islamic Literatures: Texts and Studies ; 4.
Middle East and Islamic Studies E-Books Online, Collection 2023.

الموضوعات:

الوصول للمادة أونلاين: Login to view Source

الوسوم: إضافة وسم

لا توجد وسوم, كن أول من يضع وسما على هذه التسجيلة!

رقم الطلب: DS56

LEADER 02924nam a22005418i 4500
001 BRILL9789004526358
003 nllekb
005 20230909093935.0
006 m d
007 cr un uuuua
008 230413s2023 gw sb 001 0 eng d
010 |a  2023006796 
020 |a 9789004526341  |q (print) 
020 |a 9789004526358  |q (electronic book) 
024 7 |a 10.1163/9789004526358  |2 DOI 
035 |z (OCoLC)1374596074 
040 |a NL-LeKB  |c NL-LeKB  |e rda 
041 |a eng  |a fre 
050 4 |a DS56 
072 7 |a HRH  |2 bicssc 
072 7 |a REL  |x 037000  |2 bisacsh 
082 0 4 |a 909.09767  |2 23 
245 1 0 |a L'adab, toujours recommencé :  |b « Origins », Transmission, and Metamorphoses of Adab literature /  |c volume edited by Francesca Bellino, Catherine Mayeur-Jaouen and Luca Patrizi. 
246 3 |a « Origins », Transmission, and Metamorphoses of Adab literature 
264 1 |a Leiden ;  |a Boston :  |b Brill,  |c 2023. 
264 4 |c ©2023 
300 |a 1 online resource (740 pages) :  |b illustrations. 
336 |a text  |b txt  |2 rdacontent 
337 |a computer  |b c  |2 rdamedia 
338 |a online resource  |2 rdacarrier 
490 1 |a Islamic Literatures: Texts and Studies ;  |v 4 
490 1 |a Middle East and Islamic Studies E-Books Online, Collection 2023 
504 |a Includes bibliographical references and index. 
520 |a The notion of adab is at the very heart of the Islamicate cultures. Born in the crucible of the Arabic and Persian civilisations of the Late Antiquity period, nourished by Greek, Syriac and Indian influences, this polysemic notion could cover a variegated range of meanings, ranging from good behaviour, good manners, etiquette, proper knowledge of the rules, to belles-lettres, and finally, literature. This volume addresses the notion of adab through four perspectives, which correspond to the four parts into which it is divided: "Origins"; "Transmissions"; "Metamorphosis" of the "Origins" and finally "Origins" through the lens of modernity. 
546 |a English and French 
588 |a Description based on print version record. 
650 0 |a Islamic literature  |x History and criticism. 
650 0 |a Islamic literature, Arabic  |x History and criticism. 
700 1 |a Bellino, Francesca,  |e editor. 
700 1 |a Mayeur-Jaouen, Catherine,  |e editor. 
700 1 |a Patrizi, Luca,  |e editor. 
776 0 8 |i Print version:  |t L'adab, toujours recommencé : « Origins », Transmission, and Metamorphoses of Adab literature.  |d Leiden ; Boston : Brill, 2023.  |z 9789004526341  |w (DLC) 2023006795 
830 0 |a Islamic Literatures: Texts and Studies ;  |v 4. 
830 0 |a Middle East and Islamic Studies E-Books Online, Collection 2023. 
856 4 |z DOI:   |u http://dx.doi.org/10.1163/9789004526358 
942 |2 lcc  |c EBOOK 
952 |0 0  |1 0  |2 lcc  |4 0  |6 DS0056  |7 1  |9 49786  |a BRILL  |b BRILL  |d 2023-09-09  |l 0  |o DS56  |r 2023-09-09 00:00:00  |w 2023-09-09  |y EBOOK 
999 |c 54409  |d 54409